| 000 | 00595nam a2200217Ia 4500 | ||
|---|---|---|---|
| 003 | GCL | ||
| 008 | 140319s9999 xx 000 0 ara d | ||
| 040 |
_aGCL / _cGCL |
||
| 082 | 0 | 4 |
_a813.009 _bص ص |
| 100 | 1 | _aصبرى العسكرى | |
| 245 | 1 | 0 |
_aصوت ولا صدى / _cصبرى العسكرى |
| 700 | 1 | _aماهر داود | |
| 490 | _a | ||
| 650 | 0 | 4 | _aالادب العربى |
| 650 | 0 | 4 | _aنزار قبانى |
| 650 | 0 | 4 | _aلويس عوض |
| 650 | 0 | 4 | _aتاريخ ونقد |
| 650 | 0 | 4 | _aالادب والثورات |
| 650 | 0 | 4 | _aالادب والاخلاق |
| 942 |
_2ddc _cBK |
||
| 999 |
_c39395 _d39395 |
||